|
|
|
|
| LEADER |
00000nam2a2200000 4500 |
| 001 |
39094 |
| 005 |
20231101210535.0 |
| 010 |
|
|
|a 5940741398
|
| 035 |
|
|
|a (RuTPU)RU\TPU\book\39932
|
| 090 |
|
|
|a 39094
|
| 100 |
|
|
|a 20020322d2001 m y0rusy50 ca
|
| 101 |
1 |
|
|a rus
|
| 102 |
|
|
|a RU
|
| 105 |
|
|
|a a f 000zy
|
| 200 |
0 |
|
|a Т. 7. Ч.1
|
| 210 |
|
|
|d 2001
|
| 215 |
|
|
|a 304 с.
|c ил.
|
| 461 |
|
1 |
|0 (RuTPU)RU\TPU\book\40221
|t Энциклопедия электронных схем. Тысяча полезных идей для профессионалов и любителей
|f Р. Ф. Граф, В. Шиитс
|v Т. 7. Ч. 1
|d 2001-2004
|s В помощь радиолюбителю
|
| 606 |
1 |
|
|a Электронные схемы
|2 stltpush
|3 (RuTPU)RU\TPU\subj\72543
|9 86013
|
| 610 |
1 |
|
|a электроника
|
| 610 |
1 |
|
|a антенны
|
| 610 |
1 |
|
|a сигнализация
|
| 610 |
1 |
|
|a радиолюбительские схемы
|
| 610 |
1 |
|
|a любительское телевидение
|
| 610 |
1 |
|
|a усилители низкой частоты
|
| 610 |
1 |
|
|a усилители высокой частоты
|
| 610 |
1 |
|
|a ламповые усилители
|
| 610 |
1 |
|
|a АЦП
|
| 610 |
1 |
|
|a аналого-цифровые преобразователи
|
| 610 |
1 |
|
|a автомобильная сигнализация
|
| 610 |
1 |
|
|a аккумуляторные батареи
|
| 610 |
1 |
|
|a зарядные устройства
|
| 610 |
1 |
|
|a тестеры
|
| 610 |
1 |
|
|a подслушивающие устройства
|
| 610 |
1 |
|
|a азбука Морзе
|
| 610 |
1 |
|
|a компьютерное оборудование
|
| 610 |
1 |
|
|a счетчики
|
| 610 |
1 |
|
|a детекторы
|
| 610 |
1 |
|
|a энциклопедии
|
| 675 |
|
|
|a 621.38.061(03)
|v 3
|
| 801 |
|
1 |
|a RU
|b 63413507
|c 20020322
|g PSBO
|
| 801 |
|
2 |
|a RU
|b 63413507
|c 20130527
|g PSBO
|
| 942 |
|
|
|c BK
|